000 00603nam a2200193Ia 4500
999 _c10180
_d10180
003 OSt
005 20191224143850.0
008 190216s9999||||xx |||||||||||||| ||und||
020 _a0070965811
040 _coclc
082 _a339
_bRAN/P
100 1 _aRangarajan, C.
_9575
_d1932-
_q(Chakravarthy),
245 0 _aPrinciples Of Macroeconomics /
_cC Rangarajan ; B H Dholakia
260 _bTata Mcgraw Hill Publishing Company Ltd,
_c1997.
_aNew Delhi:
300 _a223p
650 _aEconomics
700 _9590
_aDholakia, Bakul H
942 _cBK
_2ddc
_h339
_iRAN/P
_k339
_mRAN/P